[Event "SVK-chT1W 0809"]
[Site "Slovakia"]
[Date "2009.03.07"]
[Round "10.3"]
[White "Isa, Vlastimil"]
[Black "Csiba, Dominik"]
[Result "0-1"]
[WhiteElo "2015"]
[BlackElo "2169"]
[PlyCount "100"]
[EventDate "2008.10.18"]
[EventType "team-tourn"]
[EventRounds "11"]
[EventCountry "SVK"]
[SourceTitle "EXT 2010"]
[Source "ChessBase"]
[SourceDate "2010.11.25"]
[SourceVersion "1"]
[SourceVersionDate "2010.11.25"]
[SourceQuality "1"]
[WhiteTeam "Bratislava Slovan III"]
[BlackTeam "Galanta"]
[WhiteTeamCountry "SVK"]
[BlackTeamCountry "SVK"]

1. e4 c5 2. Nf3 d6 3. d4 cxd4 4. Nxd4 Nf6 5. Nc3 a6 6. Be3 Ng4 7. Bg5 h6 8. Bh4 g5 9. Bg3 Bg7 10. Be2 h5 11. h3 h4 12. Bxg4 hxg3 13. Bxc8 gxf2+ 14. Kf1 Qxc8 15. Nf5 Bxc3 16. bxc3 Qxc3 17. Rb1 Nc6 18. Rxb7 0-0-0 19. Rb3 Qe1+ 20. Qxe1 fxe1Q+ 21. Kxe1 e6 22. Ng3 Ne5 23. Ke2 Kd7 24. Rhb1 Rc8 25. Rb7+ Rc7 26. Rxc7+ Kxc7 27. Nf1 Rh4 28. Nd2 g4 29. Rb3 gxh3 30. gxh3 Kc6 31. Nf3 Rxe4+ 32. Kf2 Rf4 33. Kg3 Rxf3+ 34. Rxf3 Nxf3 35. Kxf3 Kd7 36. Kg4 Ke7 37. Kg5 f5 38. a4 Kf7 39. a5 Kg7 40. c4 Kf7 41. h4 Kg7 42. h5 Kh7 43. h6 Kh8 44. Kf4 Kg8 45. Kg5 Kh7 46. Kf6 f4 47. Kxe6 f3 48. Kxd6 f2 49. c5 f1Q 50. c6 Qb5 0-1

[Event "SVK-chT1E 0708"]
[Site "Slovakia"]
[Date "2008.02.09"]
[Round "8.3"]
[White "Skara, Vladimir"]
[Black "Isa, Vlastimil"]
[Result "0-1"]
[WhiteElo "2040"]
[BlackElo "2017"]
[PlyCount "62"]
[EventDate "2007.10.13"]
[EventType "team-swiss"]
[EventRounds "11"]
[EventCountry "SVK"]
[SourceTitle "EXT 2019"]
[Source "ChessBase"]
[SourceDate "2018.10.10"]
[SourceVersion "1"]
[SourceVersionDate "2018.10.10"]
[SourceQuality "1"]
[WhiteTeam "Budmerice"]
[BlackTeam "Bratislava Slovan III"]
[WhiteTeamCountry "SVK"]
[BlackTeamCountry "SVK"]

1. e4 c5 2. Nf3 Nc6 3. d4 cxd4 4. Nxd4 Nf6 5. Nc3 e5 6. Ndb5 d6 7. Bg5 a6 8. Na3 b5 9. Nd5 Be7 10. Bxf6 Bxf6 11. c3 0-0 12. Nc2 Bg5 13. a4 bxa4 14. Rxa4 a5 15. Bc4 Kh8 16. Nce3 Bxe3 17. Nxe3 Rb8 18. Qd2 g6 19. 0-0 f5 20. exf5 gxf5 21. f4 Rf6 22. fxe5 Nxe5 23. Nd5 Rg6 24. Rf2 Bd7 25. Ra1 Nxc4 26. Qd4+ Ne5 27. Re1 Rg7 28. Ne3 Qf6 29. Nd5 Qg5 30. Rxe5 dxe5 31. Qxe5 Re8 0-1

[Event "SVK-chT2A 0506"]
[Site "Slovakia"]
[Date "2005.11.27"]
[Round "4.6"]
[White "Isa, Vlastimil"]
[Black "Puchart, Vladimir"]
[Result "1/2-1/2"]
[WhiteElo "1974"]
[BlackElo "2104"]
[PlyCount "34"]
[EventDate "2005.10.22"]
[EventType "team-tourn"]
[EventRounds "11"]
[EventCountry "SVK"]
[SourceTitle "EXT 2009"]
[Source "ChessBase"]
[SourceDate "2008.11.26"]
[SourceVersion "1"]
[SourceVersionDate "2008.11.26"]
[SourceQuality "1"]

1. e4 c5 2. Nf3 d6 3. d4 cxd4 4. Nxd4 Nf6 5. Nc3 a6 6. Be2 e5 7. Nf3 Qc7 8. Bg5 Nbd7 9. a4 b6 10. Bxf6 Nxf6 11. Qd3 Bb7 12. Nd2 Rc8 13. Rd1 Be7 14. Nc4 0-0 15. Ne3 Rfd8 16. 0-0 Bf8 17. Rd2 Qc5 1/2-1/2

[Event "SVK-chT2A 0506"]
[Site "Slovakia"]
[Date "2005.11.26"]
[Round "3.6"]
[White "Klanica, Anton"]
[Black "Isa, Vlastimil"]
[Result "0-1"]
[WhiteElo "1917"]
[BlackElo "1974"]
[PlyCount "82"]
[EventDate "2005.10.22"]
[EventType "team-tourn"]
[EventRounds "11"]
[EventCountry "SVK"]
[SourceTitle "EXT 2009"]
[Source "ChessBase"]
[SourceDate "2008.11.26"]
[SourceVersion "1"]
[SourceVersionDate "2008.11.26"]
[SourceQuality "1"]

1. e4 c5 2. Nf3 Nc6 3. c4 d6 4. Nc3 g6 5. d3 Bg7 6. Be3 Nf6 7. h3 0-0 8. Qd2 Re8 9. Be2 e6 10. Bg5 a6 11. 0-0 Qc7 12. Rab1 b6 13. Nh2 Bb7 14. Bh4 Nd4 15. Bd1 b5 16. f3 b4 17. Ne2 Nxe2+ 18. Bxe2 e5 19. Bxf6 Bxf6 20. Ng4 Bg7 21. Kh1 f5 22. exf5 gxf5 23. Nf2 Re6 24. Qg5 Qf7 25. Nd1 Rg6 26. Qh5 Qf6 27. Ne3 Rf8 28. g4 Rh6 29. g5 Rxh5 30. gxf6 Rxf6 31. Nd5 Bxd5 32. cxd5 Rxh3+ 33. Kg2 Rh4 34. Rh1 Rd4 35. Kf2 Rxd5 36. Rbg1 Rg6 37. Rb1 Rd4 38. Rh5 Rf4 39. Bd1 h6 40. Bb3+ Kf8 41. a3 e4 0-1

[Event "SVK-chT2A 0506"]
[Site "Slovakia"]
[Date "2005.10.22"]
[Round "1.7"]
[White "Kasanicky, Robert"]
[Black "Isa, Vlastimil"]
[Result "1/2-1/2"]
[WhiteElo "1980"]
[BlackElo "1974"]
[PlyCount "54"]
[EventDate "2005.10.22"]
[EventType "team-tourn"]
[EventRounds "11"]
[EventCountry "SVK"]
[SourceTitle "EXT 2009"]
[Source "ChessBase"]
[SourceDate "2008.11.26"]
[SourceVersion "1"]
[SourceVersionDate "2008.11.26"]
[SourceQuality "1"]

1. e4 c5 2. Nf3 e6 3. d4 cxd4 4. Nxd4 Nc6 5. Nc3 a6 6. g3 Nf6 7. Bg2 d6 8. 0-0 Qc7 9. Re1 Be7 10. Nxc6 bxc6 11. Bf4 0-0 12. e5 Nd5 13. exd6 Bxd6 14. Bxd6 Qxd6 15. Ne4 Qb4 16. b3 Bb7 17. c4 Ne7 18. Qd6 Qxd6 19. Nxd6 Rab8 20. Rad1 a5 21. Nxb7 Rxb7 22. Rd6 Rc7 23. Red1 g6 24. Rd7 Rfc8 25. Rd8+ Kg7 26. Rxc8 Nxc8 27. c5 Kf6 1/2-1/2

[Event "SVK-chT1W 0304"]
[Site "Slovakia"]
[Date "2004.??.??"]
[Round "11"]
[White "Isa, Vlastimil"]
[Black "Gajarsky, Roman"]
[Result "1/2-1/2"]
[WhiteElo "2005"]
[BlackElo "2020"]
[PlyCount "24"]
[EventDate "2003.10.??"]
[EventType "team"]
[EventRounds "9"]
[EventCountry "SVK"]
[SourceTitle "EXT 2007"]
[Source "ChessBase"]
[SourceDate "2006.11.23"]
[SourceVersion "1"]
[SourceVersionDate "2006.11.23"]
[SourceQuality "1"]

1. e4 e6 2. d4 d5 3. Nd2 c5 4. Ngf3 Nc6 5. exd5 Qxd5 6. Bc4 Qh5 7. dxc5 Bxc5 8. Ne4 Qg4 9. Qd3 Be7 10. 0-0 Nf6 11. Re1 0-0 12. h3 Qf5 1/2-1/2

[Event "SVK-chT2W 9900"]
[Site "Slovakia"]
[Date "1999.??.??"]
[Round "1.4"]
[White "Hornak, Viliam"]
[Black "Isa, Vlastimil"]
[Result "1-0"]
[WhiteElo "2109"]
[BlackElo "1958"]
[PlyCount "74"]
[EventDate "1999.11.06"]
[EventType "team"]
[EventRounds "9"]
[EventCountry "SVK"]
[SourceTitle "EXT 2005"]
[Source "ChessBase"]
[SourceDate "2004.11.15"]
[SourceVersion "1"]
[SourceVersionDate "2004.11.15"]
[SourceQuality "1"]

1. Nf3 Nf6 2. g3 c5 3. Bg2 g6 4. 0-0 Bg7 5. d3 0-0 6. Nbd2 d6 7. c3 Nc6 8. e4 Rb8 9. Ne1 b5 10. Nc2 Qb6 11. Kh1 Ne8 12. f4 f5 13. Ne3 Nc7 14. exf5 Bxf5 15. Nxf5 Rxf5 16. Ne4 Re8 17. g4 Rff8 18. Ng3 d5 19. Be3 d4 20. Bd2 e6 21. Qf3 Ne7 22. Qe2 Ned5 23. Ne4 dxc3 24. bxc3 Nf6 25. Rab1 Nxe4 26. dxe4 a5 27. c4 b4 28. e5 Rd8 29. Be3 Rf7 30. Rfd1 Rxd1+ 31. Rxd1 Bf8 32. Qd3 Na6 33. Be4 Nb8 34. Qd8 Qc7 35. Qxc7 Rxc7 36. Rd8 Nd7 37. f5 gxf5 1-0